Statistiken für Liedtext - Alles aus Liebe - Die Toten Hosen

Klicken Sie hier um das Quiz zu spielen!

Allgemein

  • Dieses Quiz wurde 451 mal gespielt
  • Das Durchschnittsergebnis liegt bei 271 aus 326

Antwortstatistiken

Textquiz% Korrekt
Ich
99%
ich
99%
Liebe
99%
liebe
99%
alles
97%
dich
97%
nur
96%
Und
96%
und
96%
nicht
95%
weil
95%
wie
95%
Wie
95%
dir
94%
um
94%
bringe
93%
ist
93%
mich
93%
so
93%
uns
93%
für
92%
weiß
92%
du
91%
meine
91%
soll
91%
beweisen
89%
groß
89%
zeig
89%
an
88%
ich's
88%
kann
88%
beide
86%
Komm
85%
zu
84%
Es
83%
es
83%
denken
82%
die
81%
in
80%
sagen
80%
Aus
79%
Dass
79%
dass
79%
immer
79%
Immer
79%
noch
79%
Wir
79%
mag
78%
Mir
78%
mir
78%
sehr
78%
Dafür
77%
dafür
77%
wenn
77%
bist
76%
dann
75%
fühl'
75%
bin
74%
daran
74%
gern
73%
Nähe
73%
Auf
72%
ein
72%
meiner
72%
würde
72%
Angst
71%
Schuld
71%
allein
70%
garantier'n
70%
kein
70%
verlier'n
70%
der
69%
sind
69%
Warum
69%
davor
68%
durchzudreh'n
68%
Eifersucht
68%
halten
68%
jetzt
68%
kurz
68%
als
66%
schwach
66%
Unglück
66%
werde
66%
Worte
66%
Dr.
65%
Gefangenschaft
65%
geschieht
65%
glaubst
65%
mehr
65%
nichts
65%
trägst
65%
Von
65%
wird
65%
vor
64%
kommt
63%
ob
63%
tun
63%
weit
63%
auffrisst
62%
Mr.
62%
verhext
62%
dagegen
61%
willst
61%
befürchte
60%
einmal
60%
Feuer
60%
gut
60%
Plötzlich
60%
deine
59%
jemand
59%
ausgehen
58%
Bild
58%
brennt
58%
Dieses
58%
Gedanken
58%
Welt
57%
beim
56%
sterbe
56%
Hyde
55%
Märchen
55%
Rest
55%
etwas
54%
schwarz
54%
dem
53%
Laune
52%
Sobald
52%
unsere
52%
warnt
52%
gleich
51%
schlechter
51%
Zeit
51%
letzten
50%
spür'
48%
nähern
47%
Jekyll
42%
verrinnt
42%
Akt
39%

Verteilung der Resultate

Perzentil nach korrekt beantworteten Fragen

Anzahl Personen mit jedem Resultat

Ihre Resultats-Entwicklung

Sie haben dieses Quiz noch nicht gespielt